Statistiques concernant 10 dates sur Charles De Gaulle

Cliquez ici pour prendre le quiz!

Statistiques générales

  • Ce quiz a été pris 338 fois
    (332 depuis la dernière actualisation)
  • Le résultat moyen est 8 sur 10

Statistiques - réponses

EvènementsDates% Correct
Appel donné depuis Londres sur les ondes de la BBC aux Français1940
95%
Année de mort1970
95%
Election en tant que président de la République Française1958
93%
Défilé dans Paris après la Libération de la capitale1944
92%
Fin de son dernier mandat en tant que Président1969
92%
Année de naissance1890
85%
Référendum pour le suffrage universel direct pour l'élection du Président1962
82%
Référendum sur la réforme du Sénat et la régionalisation qui conduisit à sa démission1969
80%
Deuxième dissolution de l'Assemblée nationale1968
64%
Parution du premier tome de Mémoires de guerre1954
56%

Distribution des résultats

Percentile par nombre de réponses

% des personnes avec chaque résultat

Votre développement - résultats

Vous n’avez pas pris ce quiz depuis la dernière actualisation